Interactive computing series Microsoft PowerPoint 2002

Gespeichert in:
Bibliographische Detailangaben
1. Verfasser: Kenneth C Laudon
Format: Buch
Sprache:Undetermined
Veröffentlicht: Boston, MA McGraw-Hill 2002
Schlagworte:
Tags: Tag hinzufügen
Keine Tags, Fügen Sie den ersten Tag hinzu!
Thư viện lưu trữ: Trung tâm Học liệu Trường Đại học Cần Thơ
LEADER 00567nam a2200193Ia 4500
001 CTU_51903
008 210402s9999 xx 000 0 und d
020 |b 245000 
082 |a 005.3 
082 |b L372 
100 |a Kenneth C Laudon 
245 0 |a Interactive computing series 
245 0 |b Microsoft PowerPoint 2002 
245 0 |c Kenneth C. Laudon, Kenneth Rosenblatt and David Langley 
260 |a Boston, MA 
260 |b McGraw-Hill 
260 |c 2002 
650 |a powerpoint ( computer programs ) 
980 |a Trung tâm Học liệu Trường Đại học Cần Thơ